Jak zvládnout organizaci času : 25 metod a strategií /
Uložené v:
| Hlavný autor: | |
|---|---|
| Ďalší autori: | |
| Médium: | Kniha |
| Jazyk: | Czech English |
| Vydané: |
Praha :
Portál,
2024.
|
| Vydanie: | Vydání první |
| Témy: | |
| ISBN: |
9788026221227 |
| Fyzický popis: |
174 strán : ilustrácie ; 23 cm. |
| Tagy: |
Pridať tag
Žiadne tagy, Buďte prvý kto otaguje tento záznam!
|
Titul je dostupný aj v ... 

MARC
| LEADER | 00000nam a2200000 i 4500 | ||
|---|---|---|---|
| 001 | 000710421 | ||
| 005 | 20240415093613.0 | ||
| 008 | 240223s2024 xr a g 000 0 cze d | ||
| 020 | |a 9788026221227 |q (brožované) | ||
| 040 | |a SVKKK |b slo |c SVKKK |e rda | ||
| 041 | 1 | |a cze |h eng | |
| 044 | |a xr |c CZ | ||
| 072 | 7 | |a 159.93/.94 |x Senzorické a motorické funkcie. Emócie. Vôľa |2 konspekt | |
| 080 | |a 159.947.5 |2 2011 | ||
| 080 | |a 005.962.11 |2 2011 | ||
| 080 | |a 005.214 |2 2011 | ||
| 080 | |a 159.913 |2 2011 | ||
| 080 | |a 616.89-008.47-008.481 |2 2011 | ||
| 080 | |a (035) |2 2011 | ||
| 100 | 1 | |a Williams, Risa |4 aut | |
| 240 | 1 | 4 | |a The ultimate time management toolkit. |l Česky |
| 245 | 1 | 0 | |a Jak zvládnout organizaci času : |b 25 metod a strategií / |c Risa Williams ; z anglického originálu The ultimate time management toolkit přeložila Petra Diestlerová. |
| 250 | |a Vydání první | ||
| 264 | 1 | |a Praha : |b Portál, |c 2024. | |
| 300 | |a 174 strán : |b ilustrácie ; |c 23 cm. | ||
| 336 | |a text |b txt |2 rdacontent | ||
| 337 | |a bez média |b n |2 rdamedia | ||
| 338 | |a zväzok |b nc |2 rdacarrier | ||
| 504 | |a Bibliografia na strane 171-174 | ||
| 650 | 0 | 7 | |a motivácia |2 SVKKKPH |
| 650 | 0 | 7 | |a manažment času |2 SVKKKPH |
| 650 | 0 | 7 | |a manažment cieľov |2 SVKKKPH |
| 650 | 0 | 7 | |a psychohygiena |2 SVKKKPH |
| 650 | 0 | 7 | |a porucha pozornosti spojená s hyperaktivitou |2 SVKKKPH |
| 650 | 0 | 7 | |a motivation (psychology) |2 SVKKKPHeng |
| 650 | 0 | 7 | |a time management |2 SVKKKPHeng |
| 650 | 0 | 7 | |a goal management |2 SVKKKPHeng |
| 650 | 0 | 7 | |a mental hygiene |2 SVKKKPHeng |
| 650 | 0 | 7 | |a attention deficit hyperactivity disorder |2 SVKKKPHeng |
| 655 | 7 | |a príručky |2 SVKKKPH | |
| 655 | 7 | |a handbooks and manuals |2 SVKKKPHeng | |
| 700 | 1 | |a Diestlerová, Petra, |d 1972- |4 trl | |
| 910 | |a svkkk | ||
| 919 | |a 978-80-262-2122-7 | ||
| 998 | |a BK | ||
| 090 | |g SCKHL |k Sklad Hlavná 10 prízemie |a IV.246808 |j 1127949 |i 2721098628 |s Absenčne | ||